000 00775nam a22002537a 4500
001 32711
003 AR-RoBPED
005 20260507151818.0
008 260506s1948 ag a|||b |||| 001 0 spa d
040 _aAR-RoBPED
041 _aspa
100 1 _aArena, Luis
_92441
245 1 0 _aYunque sonoro /
_cLuis Arena ; ilustraciones de Alberto Guiraldes
250 _a6a ed.
260 _aBuenos Aires :
_bEstrada,
_c1948.
300 _a306 p. :
_bil.
505 _aLecturas para sexto grado.
650 4 _aLIBROS DE LECTURA
_915325
650 4 _aARCHIVO INFANTIL
_924464
650 4 _aSEXTO GRADO
_91465
700 _aGüiraldes, Alberto
_d1897-1961
_930868
_eil.
942 _2udc
_ak. 32711
_cBK
_h372.4
_kIA
_mA 68y
_pinv. 42431
945 _amm 06/05/2026 - lgc 07/05/2026
999 _c32711
_d32711